00440 2200157 4500001002100000005001500021035002000036245007100056100002800127300002800155260004300183082000800226084001400234020002200248990001200270INLIS00000000000255320250605103056 a0010-06250001391 aMendidik Generasi Muslim Milenial /cOktastika Badai Nirmala,S.Psi0 aOktastika Badai Nirmala a140 hlm ;c14,5 x 21 cm aJakarta :bEmir Cakrawala Islam,c2020 a200 a200 OKT m a978-602-0935-93-5 a0754887